| 000 | 00486cam a2200169 a 4500 | ||
|---|---|---|---|
| 020 | _a0070441294 | ||
| 040 | _cDLC | ||
| 082 | 0 | 0 | _a005 HIL 1991 A006 Or. |
| 100 | 1 | _aMurphy, Hank | |
| 245 | 1 | 0 |
_aAssembler for COBOL programmers : _bMVS, VM / |
| 260 |
_aNew York : _bMcGraw-Hill, _cc1991. |
||
| 300 |
_axiv, 496 p. : _bill. ; _c23 cm. |
||
| 490 | 1 | _aRanade IBM series | |
| 650 | 0 | _aAssembly languages (Electronic computers) | |
| 650 | 0 | _aCOBOL (Computer program language) | |
| 942 | _cEK | ||
| 999 |
_c13769 _d13769 |
||